| 000 | 00351nam a22001457a 4500 | ||
|---|---|---|---|
| 008 | 210225b ||||| |||| 00| 0 eng d | ||
| 020 | _a2901111342844 | ||
| 041 | _aeng | ||
| 080 |
_212th _a159.9 |
||
| 082 | _a159.9 | ||
| 100 | _a48 | ||
| 101 | _aPSI | ||
| 245 |
_aPsychology Modules for active learning _cCoon, D & Mitterer, J.O |
||
| 942 |
_2udc _cBK |
||
| 999 |
_c55175 _d55175 |
||